000 00604nam a2200229 i 4500
001 C2-0254444
003 PPAK
005 20180727222123.0
008 040504s1984 enk |||| ||||| | eng d
020 _a0600347869
040 _aPPAK
_beng
_cPPAK
_erda
082 0 4 _a796.352
_223
090 0 0 _a796.352
_bPLU
_dR
100 1 _aPlumridge, Chris,
_eauthor
245 1 0 _aGolf
_bA Step by Step Guide to Skills and Tactics
264 1 _aLondon :
_bHamlyn ,
_c1984
300 _a6 pages
336 _2rdacontent
_atext
337 _2rdamedia
_aunmediated
338 _2rdacarrier
_avolume
942 _ddc
_cB
999 _c67165
_d67165